ANANTHANARAYAN AND PANIKER'S TEXTBOOK OF MICROBIOLOGY (Record no. 216526)

MARC details
000 -LEADER
fixed length control field 00522nam a22001697a 4500
008 - FIXED-LENGTH DATA ELEMENTS--GENERAL INFORMATION
fixed length control field 260203b |||||||| |||| 00| 0 eng d
020 ## - INTERNATIONAL STANDARD BOOK NUMBER
International Standard Book Number 978-93-93330-65-9
100 ## - MAIN ENTRY--PERSONAL NAME
Personal name SAXENA, SONAL
245 ## - TITLE STATEMENT
Title ANANTHANARAYAN AND PANIKER'S TEXTBOOK OF MICROBIOLOGY
250 ## - EDITION STATEMENT
Edition statement 13TH ED.
260 ## - PUBLICATION, DISTRIBUTION, ETC.
Place of publication, distribution, etc. TELANGANA, INDIA
Name of publisher, distributor, etc. UNIVERSITIES PRESS
Date of publication, distribution, etc. 2025
300 ## - PHYSICAL DESCRIPTION
Extent XXII,776P.
500 ## - GENERAL NOTE
General note INCLUDES INDEX
650 ## - SUBJECT ADDED ENTRY
Topical term or geographic name entry element 1. MICROBIOLOGY (TEXTBOOKS0 2. PATHOGENIC MICRORGANISMS -TEXTBOOKS
942 ## - ADDED ENTRY ELEMENTS (KOHA)
Source of classification or shelving scheme Library of Congress Classification
Koha item type Long Loan Book
Holdings
Withdrawn status Lost status Source of classification or shelving scheme Damaged status Not for loan Collection Home library Current library Shelving location Date acquired Inventory number Total checkouts Full call number Barcode Date last seen Copy number Price effective from Koha item type
    Library of Congress Classification     Medicine Kisii University Library Kisii University Library On Display 02/03/2026 111629   QR 46 .A53 2025 50258 02/03/2026 C.1 02/03/2026 Long Loan Book
    Library of Congress Classification     Medicine Kisii University Library Kisii University Library On Display 02/03/2026 111630   QR 46 .A53 2025 50255 02/03/2026 C.2 02/03/2026 Long Loan Book
    Library of Congress Classification     Medicine Kisii University Library Kisii University Library On Display 02/03/2026 111631   QR 46 .A53 2025 50253 02/03/2026 C.3 02/03/2026 Long Loan Book
    Library of Congress Classification     Medicine Kisii University Library Kisii University Library On Display 02/03/2026 111632   QR 46 .A53 2025 50254 02/03/2026 C.4 02/03/2026 Long Loan Book
    Library of Congress Classification     Medicine Kisii University Library Kisii University Library On Display 02/03/2026 111633   QR 46 .A53 2025 50251 02/03/2026 C.5 02/03/2026 Long Loan Book
    Library of Congress Classification     Medicine Kisii University Library Kisii University Library On Display 02/03/2026 111634   QR 46 .A53 2025 50252 02/03/2026 C.6 02/03/2026 Long Loan Book
    Library of Congress Classification     Medicine Kisii University Library Kisii University Library On Display 02/03/2026 111635   QR 46 .A53 2025 50249 02/03/2026 C.7 02/03/2026 Long Loan Book
    Library of Congress Classification     Medicine Kisii University Library Kisii University Library On Display 02/03/2026 111636   QR 46 .A53 2025 50262 02/03/2026 C.8 02/03/2026 Long Loan Book